| 000 | 01006nam a2200313 i 4500 | ||
|---|---|---|---|
| 003 | EG-GICUC | ||
| 005 | 20260514132644.0 | ||
| 008 | 260514s1937 ua |||fr|||| 000 0 Fre d | ||
| 040 |
_aEG-GiCUC _bfre _cEG-GiCUC _dEG-GiCUC _eRda |
||
| 041 | 0 | _afre | |
| 082 | 0 | 4 |
_a345.141 _bDU . E _221 |
| 092 | 0 | 4 | _221 |
| 099 | _aLaw 07 345.141 DU . E 1937 | ||
| 100 | 1 |
_aDubois-Richard, P.. _eAuteur |
|
| 245 | 2 | 0 |
_aElements De Droit Public / _cPar P. Dubois-Richard, Ez . Gordon Et M. Mouskheli. _b |
| 264 | 1 |
_aLe Caire: _bImprimerie Paul Barbey, _c1937. |
|
| 300 |
_a530 Page ; _c 24 cm. |
||
| 336 |
_2rda contenu _a texte |
||
| 337 |
_2rda medias _aOrdinateur |
||
| 338 |
_2 transporteur rda _a Ressource en ligne |
||
| 546 | _aTexte en français | ||
| 650 | 1 | _aDroit Administratif | |
| 650 | 1 | _aDroit constitutionnel | |
| 700 | 1 |
_aM. Mouskheli _eCo-Auteur |
|
| 700 | 1 |
_aEz . Gordon _eCo-Auteur |
|
| 856 | 4 | 0 | _uhttps://fll.law.cu.edu.eg/fulltext/bks/B07-05999.pdf |
| 905 | _a64 | ||
| 942 |
_2ddc _n0 _cBK _e21 |
||
| 999 |
_c76888 _d76888 |
||